Enciclopedia de administración, contabilidad y organización de empresas / (Record no. 25112)

MARC details
000 -LEADER
campo de control de longitud fija 00876nam a2200229 i 4500
001 - NÚMERO DE CONTROL
campo de control 25112
003 - IDENTIFICADOR DE NÚMERO DE CONTROL
campo de control ES-MaACL
005 - FECHA Y HORA DE LA ÚLTIMA TRANSACCIÓN
campo de control 20250902080710.0
007 - CAMPO FIJO DE DESCRIPCIÓN FÍSICA--INFORMACIÓN GENERAL
campo de control de longitud fija t|
008 - DATOS DE LONGITUD FIJA--INFORMACIÓN GENERAL
campo de control de longitud fija 021220s1959 sp e |||| | spa d
100 1# - ENTRADA PRINCIPAL--NOMBRE DE PERSONA
Nombre de persona Aragón Soldado, Jesús de.
9 (RLIN) 22194
245 10 - MENCIÓN DEL TÍTULO
Título Enciclopedia de administración, contabilidad y organización de empresas /
Mención de responsabilidad, etc. Jesús de Aragón Soldado, Jesús de Aragón Rodríguez y Enrique de Aragón Rodríguez.
260 ## - PUBLICACIÓN, DISTRIBUCIÓN, ETC.
Lugar de publicación, distribución, etc. Madrid :
Nombre del editor, distribuidor, etc. Aguilar,
Fecha de publicación, distribución, etc. 1959 (
Fabricante Selecciones Gráficas)
300 ## - DESCRIPCIÓN FÍSICA
Extensión 3 v. :
Otras características físicas il. ;
Dimensiones 24 cm.
500 ## - NOTA GENERAL
Nota general Incluye 1 fascículo índice.
650 #7 - PUNTO DE ACCESO ADICIONAL DE MATERIA--TÉRMINO DE MATERIA
Término de materia o nombre geográfico como elemento de entrada Empresas-
Subdivisión de forma Enciclopedias
Fuente del encabezamiento o término
9 (RLIN) 166213
650 #7 - PUNTO DE ACCESO ADICIONAL DE MATERIA--TÉRMINO DE MATERIA
Término de materia o nombre geográfico como elemento de entrada Organización de la empresa
Fuente del encabezamiento o término embne
9 (RLIN) 12228
700 1# - ENTRADA AGREGADA--NOMBRE PERSONAL
Nombre de persona Aragón Rodríguez, Jesús de.
9 (RLIN) 22193
700 1# - ENTRADA AGREGADA--NOMBRE PERSONAL
Nombre de persona Aragón Rodríguez, Enrique de.
9 (RLIN) 22192
852 ## - LOCALIZACIÓN
Ubicación ES-MaACL
Número de control de estantería C-16484-86
Holdings
Estatus retirado Estado de pérdida Estado de daño No para préstamo Colección Biblioteca de origen Biblioteca actual Ubicación en estantería Fecha de adquisición Fuente de adquisición Total de préstamos Signatura topográfica completa Código de barras Visto por última vez Precio de reemplazo Tipo de ítem Koha
        Colección de referencia Biblioteca del Ateneo de Madrid Biblioteca del Ateneo de Madrid Mesetón 17/01/2008     C-16484-86 1025891 23/02/2023 23/02/2023 Libro impreso